Refinación de aceites y grasas para usos alimenticios / (Record no. 23721)

MARC details
000 -LEADER
campo de control de longitud fija 00699nam a2200193 i 4500
001 - NÚMERO DE CONTROL
campo de control 23721
003 - IDENTIFICADOR DE NÚMERO DE CONTROL
campo de control ES-MaACL
005 - FECHA Y HORA DE LA ÚLTIMA TRANSACCIÓN
campo de control 20230906152925.0
007 - CAMPO FIJO DE DESCRIPCIÓN FÍSICA--INFORMACIÓN GENERAL
campo de control de longitud fija t|
008 - DATOS DE LONGITUD FIJA--INFORMACIÓN GENERAL
campo de control de longitud fija 021212s1956 sp ||||1| spa d
100 1# - ENTRADA PRINCIPAL--NOMBRE DE PERSONA
Nombre de persona Andersen, A. J. C.
9 (RLIN) 21432
245 10 - MENCIÓN DEL TÍTULO
Título Refinación de aceites y grasas para usos alimenticios /
Mención de responsabilidad, etc. A.J.C. Andersen ; traducción directa de la primera edición inglesa por C. Avila Montesó ; revisada por Fernando Blasi.
260 ## - PUBLICACIÓN, DISTRIBUCIÓN, ETC.
Lugar de publicación, distribución, etc. Barcelona :
Nombre del editor, distribuidor, etc. José Montesó,
Fecha de publicación, distribución, etc. 1956 (
Fabricante Clarasó)
300 ## - DESCRIPCIÓN FÍSICA
Extensión 365 p. :
Otras características físicas il. ;
Dimensiones 22 cm.
650 04 - PUNTO DE ACCESO ADICIONAL DE MATERIA--TÉRMINO DE MATERIA
Término de materia o nombre geográfico como elemento de entrada Aceites y grasas.
9 (RLIN) 9582
700 1# - ENTRADA AGREGADA--NOMBRE PERSONAL
Nombre de persona Avila Montesó, Carlos.
9 (RLIN) 24056
700 1# - ENTRADA AGREGADA--NOMBRE PERSONAL
Nombre de persona Blasi, Fernando.
9 (RLIN) 29408
852 ## - LOCALIZACIÓN
Ubicación ES-MaACL
Número de control de estantería C-14598
Holdings
Estatus retirado Estado de pérdida Estado de daño No para préstamo Biblioteca de origen Biblioteca actual Ubicación en estantería Fecha de adquisición Fuente de adquisición Total de préstamos Signatura topográfica completa Código de barras Visto por última vez Precio de reemplazo Tipo de ítem Koha
        Biblioteca del Ateneo de Madrid Biblioteca del Ateneo de Madrid Ficheros 17/01/2008     C-14598 1024445 23/02/2023 23/02/2023 Libro impreso